000 00450nam a2200157Ia 4500
008 241014s9999||||xx |||||||||||||| ||und||
020 _a978-1420044379
060 _aQV 778 C 2008
100 _aDaan J.A. Crommelin, Robert D. Sindelar, Bernd Meibohm
245 0 _aPharmaceutical Biotechnology: Fundamentals and Applications.
250 _a3rd
260 _bInforma Healthcare
_c2008
300 _a490
650 _aPharmacology
942 _bDIMC
_cBK
999 _c8083
_d8083